UITU Library & LRC     

The selected writing of Ralph Waldo Emerson (Record no. 18889)

MARC details
000 -LEADER
fixed length control field 00310nam a2200121Ia 4500
008 - FIXED-LENGTH DATA ELEMENTS--GENERAL INFORMATION
fixed length control field 241002s9999 xx 000 0 und d
082 ## - DEWEY DECIMAL CLASSIFICATION NUMBER
Classification number 808.88 EME
100 ## - MAIN ENTRY--PERSONAL NAME
Personal name Emerson, Ralph Walde
245 #4 - TITLE STATEMENT
Title The selected writing of Ralph Waldo Emerson
260 ## - PUBLICATION, DISTRIBUTION, ETC.
Place of publication, distribution, etc. New York:
Date of publication, distribution, etc. 1950
600 ## - SUBJECT ADDED ENTRY--PERSONAL NAME
Personal name Literature
942 ## - ADDED ENTRY ELEMENTS (KOHA)
Koha item type Usman Collection
Holdings
Withdrawn status Lost status Damaged status Not for loan Home library Current library Date acquired Total checkouts Full call number Barcode Date last seen Price effective from Koha item type
        UITU Library UITU Library 01/01/1994   808.88 EME UC562 10/02/2024 10/02/2024 Usman Collection

Powered by Koha